[Event "CAN op"]
[Site "Hamilton CAN"]
[Date "2022.07.16"]
[Round "8.86"]
[White "Yang, Nathan"]
[Black "Ali, Shafkat"]
[Result "1/2-1/2"]
[WhiteElo "1169"]
[BlackElo "1619"]
[PlyCount "95"]
[EventDate "2022.07.12"]
[EventType "swiss"]
[EventRounds "9"]
[EventCountry "CAN"]

1. d4 d5 2. Bf4 Nf6 3. e3 Bf5 4. Bd3 Bxd3 5. Qxd3 c6 6. c3 e6 7. Nd2 Nbd7 8.
Ngf3 h6 9. h3 Be7 10. O-O O-O 11. Rfe1 c5 12. Bh2 c4 13. Qc2 b5 14. a3 a5 15.
e4 dxe4 16. Nxe4 Nb6 17. Ne5 Rc8 18. g4 b4 19. axb4 axb4 20. Nxf6+ Bxf6 21.
cxb4 Qe7 22. Ra6 Qxb4 23. Rd1 Qb5 24. Rxb6 Qxb6 25. Nd7 Qb4 26. Nxf8 Rxf8 27.
Be5 Bxe5 28. dxe5 Rb8 29. Rc1 Rc8 30. Qc3 Rb8 31. Rc2 Qa4 32. Kg2 Qa8+ 33. f3
Qd5 34. Qxc4 Qxc4 35. Rxc4 Rxb2+ 36. Kg3 Re2 37. Re4 Rxe4 38. fxe4 Kf8 39. h4
Ke8 40. h5 Ke7 41. Kf4 Kd7 42. g5 hxg5+ 43. Kxg5 Kc6 44. h6 gxh6+ 45. Kxh6 Kc5
46. Kg7 Kd4 47. Kxf7 Kxe5 48. Ke7 1/2-1/2

[Event "CAN op"]
[Site "Hamilton CAN"]
[Date "2022.07.16"]
[Round "8.88"]
[White "Wiraszka, Michal"]
[Black "Xu, Ryan"]
[Result "0-1"]
[WhiteElo "957"]
[BlackElo "1565"]
[PlyCount "140"]
[EventDate "2022.07.12"]
[EventType "swiss"]
[EventRounds "9"]
[EventCountry "CAN"]

1. d4 d5 2. Bf4 c5 3. c3 Nc6 4. e3 Qb6 5. Qb3 c4 6. Qxb6 axb6 7. Na3 e5 8. Nb5
Ra5 9. Nc7+ Kd7 10. Nxd5 Rxd5 11. Bxc4 Ra5 12. dxe5 Ke8 13. Nf3 Be6 14. Bxe6
fxe6 15. O-O g6 16. Rfd1 Bg7 17. Rd6 Bf8 18. Rxe6+ Kd7 19. Ng5 Rd5 20. e4 Rd3
21. Rxc6 bxc6 22. Nf7 Bg7 23. Kf1 Ke6 24. Ke2 Rd7 25. Nxh8 Bxh8 26. Be3 Bxe5
27. Bxb6 Rb7 28. Bd4 Rxb2+ 29. Ke3 Nf6 30. h3 Nd7 31. g3 c5 32. Bxe5 Nxe5 33.
f4 Nc4+ 34. Kd3 Na5 35. Rh1 Rxa2 36. g4 Rg2 37. Ra1 c4+ 38. Ke3 Nc6 39. f5+
gxf5 40. exf5+ Ke5 41. Kf3 Rc2 42. Re1+ Kd6 43. Re3 Rd2 44. Kf4 Ne7 45. Re4
Nd5+ 46. Kg5 Kc5 47. Re5 Kd6 48. Re6+ Kc5 49. Rh6 Nxc3 50. Rxh7 Rf2 51. Rc7+
Kd4 52. Kg6 Nd5 53. Ra7 c3 54. Kg7 Kd3 55. Ra3 Kd2 56. Ra5 Nb4 57. f6 c2 58.
Rc5 Nd3 59. Rxc2+ Kxc2 60. f7 Nc5 61. f8=N Rf3 62. h4 Kd3 63. g5 Rh3 64. Ng6
Ke4 65. Kh6 Ne6 66. h5 Kf5 67. Ne7+ Kg4 68. Ng8 Rxh5+ 69. Kg6 Rxg5+ 70. Kf7
Rg7+ 0-1

[Event "CAN op"]
[Site "Hamilton CAN"]
[Date "2022.07.16"]
[Round "8.89"]
[White "Palsson, Halldor"]
[Black "Callaghan, Ken"]
[Result "1-0"]
[WhiteElo "1962"]
[BlackElo "1081"]
[PlyCount "53"]
[EventDate "2022.07.12"]
[EventType "swiss"]
[EventRounds "9"]
[EventCountry "CAN"]

1. d4 Nf6 2. c4 e6 3. Nc3 Bb4 4. Qc2 b6 5. a3 Be7 6. e4 d6 7. f3 Bb7 8. Be3 O-O
9. Bd3 e5 10. Nge2 Nbd7 11. O-O-O c5 12. d5 a6 13. g4 g6 14. h4 Kh8 15. Ng3 Ng8
16. Qh2 f6 17. Rdf1 Qe8 18. Bc2 Rf7 19. Ba4 Bc8 20. g5 Qf8 21. h5 Qg7 22. hxg6
Qxg6 23. gxf6 Qxf6 24. Nh5 Bf8 25. Rfg1 b5 26. cxb5 Nb6 27. Bg5 1-0

[Event "CAN op"]
[Site "Hamilton CAN"]
[Date "2022.07.16"]
[Round "8.91"]
[White "Benggawan, Undriadi"]
[Black "Qian, Ashley"]
[Result "1-0"]
[WhiteElo "1584"]
[BlackElo "1413"]
[PlyCount "53"]
[EventDate "2022.07.12"]
[EventType "swiss"]
[EventRounds "9"]
[EventCountry "CAN"]

1. d4 d5 2. Bf4 Nf6 3. e3 c5 4. Nd2 Nc6 5. c3 Bf5 6. Ngf3 Qb6 7. Nh4 Bd7 8. Qb3
c4 9. Qc2 h6 10. Bg3 Na5 11. e4 Nxe4 12. Nxe4 dxe4 13. Be5 Rc8 14. g3 Nc6 15.
O-O-O Nxe5 16. dxe5 e6 17. Rg1 Bc5 18. Be2 Bxf2 19. Rgf1 O-O 20. Rxd7 g5 21.
Ng2 e3 22. Qe4 Rfd8 23. Rfd1 Rxd7 24. Rxd7 Rc6 25. Qf3 f5 26. Qh5 Rc7 27. Qe8#
1-0

[Event "CAN op"]
[Site "Hamilton CAN"]
[Date "2022.07.16"]
[Round "8.92"]
[White "Xu, Hannah"]
[Black "Helwig, Frank"]
[Result "1/2-1/2"]
[WhiteElo "1295"]
[BlackElo "1559"]
[PlyCount "48"]
[EventDate "2022.07.12"]
[EventType "swiss"]
[EventRounds "9"]
[EventCountry "CAN"]

1. d4 Nf6 2. Bf4 d5 3. e3 c5 4. Nf3 Nc6 5. c3 Qb6 6. Qc2 c4 7. Nbd2 Bg4 8. Be2
e6 9. O-O h6 10. h3 Bf5 11. Qc1 Be7 12. Bd1 O-O 13. Bc2 Bxc2 14. Qxc2 Qd8 15.
b3 b5 16. b4 a5 17. a3 Bd6 18. Bxd6 Qxd6 19. e4 dxe4 20. Nxe4 Nxe4 21. Qxe4 Qd5
22. Qxd5 exd5 23. Rfe1 Rfe8 24. Kf1 a4 1/2-1/2

[Event "CAN op"]
[Site "Hamilton CAN"]
[Date "2022.07.16"]
[Round "8.93"]
[White "Cloete, Jack"]
[Black "Chen, Sam"]
[Result "1-0"]
[WhiteElo "1525"]
[BlackElo "1299"]
[PlyCount "91"]
[EventDate "2022.07.12"]
[EventType "swiss"]
[EventRounds "9"]
[EventCountry "CAN"]

1. d4 d5 2. c4 c6 3. e3 Nf6 4. Nf3 e6 5. Nc3 Nbd7 6. Bd3 Bd6 7. O-O O-O 8. c5
Bc7 9. b4 a5 10. b5 e5 11. Be2 Ne4 12. Nxe4 dxe4 13. Nd2 Nf6 14. Bb2 Re8 15.
Rb1 exd4 16. Bxd4 Be5 17. Nc4 Bc7 18. bxc6 bxc6 19. Nb6 Rb8 20. Nxc8 Rxc8 21.
Rb2 Be5 22. Qd2 Qc7 23. g3 Rcd8 24. Qc3 Bxd4 25. exd4 Qd7 26. Rd1 Qh3 27. Qxa5
Ng4 28. Bxg4 Qxg4 29. Qd2 e3 30. fxe3 Rxe3 31. Qxe3 Qxd1+ 32. Kg2 h6 33. Rd2
Qh5 34. h3 Qd5+ 35. Qf3 Qxf3+ 36. Kxf3 f6 37. a4 Kf7 38. Ke4 Ke6 39. a5 Ra8 40.
Ra2 f5+ 41. Kd3 Kd5 42. a6 g5 43. a7 f4 44. gxf4 gxf4 45. Re2 Rxa7 46. Re5# 1-0

[Event "CAN op"]
[Site "Hamilton CAN"]
[Date "2022.07.16"]
[Round "8.94"]
[White "Dickson, Raymond"]
[Black "Buchanan, Jessica"]
[Result "1-0"]
[WhiteElo "1511"]
[BlackElo "896"]
[PlyCount "131"]
[EventDate "2022.07.12"]
[EventType "swiss"]
[EventRounds "9"]
[EventCountry "CAN"]

1. d4 d5 2. e3 Nf6 3. f4 Bg4 4. Nf3 e6 5. Bd3 c5 6. c3 Be7 7. Nbd2 O-O 8. O-O
Nbd7 9. Qe1 c4 10. Bc2 Ne4 11. Nxe4 dxe4 12. Bxe4 Bxf3 13. Bxf3 Bh4 14. g3 Be7
15. Bxb7 Rb8 16. Bg2 f5 17. e4 Nf6 18. exf5 exf5 19. Qe6+ Kh8 20. Qxf5 Nd7 21.
Qd5 Qc7 22. Rb1 Nb6 23. Qh5 Qd7 24. Be4 h6 25. Qg6 Kg8 26. f5 Bf6 27. Bxh6 Rbe8
28. Rbe1 Kh8 29. Bg5 Nc8 30. Qh5+ Kg8 31. Bxf6 Rxf6 32. Qf3 Ne7 33. Bd5+ Nxd5
34. Rxe8+ Qxe8 35. Qxd5+ Kh8 36. Qe5 Qa4 37. a3 Qc2 38. Rf2 Qb1+ 39. Kg2 Rb6
40. Qe2 Qa2 41. d5 Qb3 42. Rf4 Qa2 43. Rh4+ Rh6 44. Qe8+ Kh7 45. Qg6+ Kh8 46.
Rxh6+ gxh6 47. Qxh6+ Kg8 48. f6 Qxb2+ 49. Kh3 Qb7 50. Qg7+ Qxg7 51. fxg7 Kxg7
52. g4 Kf6 53. g5+ Kxg5 54. d6 Kf6 55. Kg4 Ke6 56. Kf4 Kxd6 57. h4 Ke6 58. Ke4
Kf6 59. Kd4 Kg6 60. Kxc4 Kh5 61. Kd5 Kxh4 62. c4 Kg5 63. Kd6 Kf6 64. c5 Kf7 65.
Kd7 Kf8 66. c6 1-0

[Event "CAN op"]
[Site "Hamilton CAN"]
[Date "2022.07.16"]
[Round "8.95"]
[White "Bolduc, Jacques"]
[Black "Dolmer, William"]
[Result "1/2-1/2"]
[WhiteElo "1460"]
[BlackElo "1165"]
[PlyCount "75"]
[EventDate "2022.07.12"]
[EventType "swiss"]
[EventRounds "9"]
[EventCountry "CAN"]

1. d4 d5 2. c4 e6 3. Nf3 Nf6 4. Bf4 c5 5. e3 Nc6 6. Nc3 Bd6 7. Bxd6 Qxd6 8. a3
O-O 9. Bd3 cxd4 10. exd4 Re8 11. c5 Qd8 12. O-O e5 13. dxe5 Nd7 14. b4 Ndxe5
15. Be2 d4 16. b5 d3 17. Bxd3 Nxd3 18. bxc6 bxc6 19. Na4 Ba6 20. Qc2 Nf4 21.
Rfd1 Ne2+ 22. Kh1 Qf6 23. Re1 Rad8 24. Rad1 Nf4 25. Rxe8+ Rxe8 26. Qd2 Be2 27.
Re1 Rd8 28. Rxe2 Nxe2 29. Qxe2 Qa1+ 30. Ng1 Qxa3 31. Qe7 Rf8 32. Qe4 Qa2 33.
Qd4 Qd5 34. Qe3 Rd8 35. h3 Qd4 36. Qe7 Qd7 37. Qe4 Re8 38. Qb4 1/2-1/2

[Event "CAN op"]
[Site "Hamilton CAN"]
[Date "2022.07.16"]
[Round "8.96"]
[White "Xie, Irene"]
[Black "Sun, Jonathan"]
[Result "1-0"]
[WhiteElo "1455"]
[BlackElo "873"]
[PlyCount "147"]
[EventDate "2022.07.12"]
[EventType "swiss"]
[EventRounds "9"]
[EventCountry "CAN"]

1. e4 e5 2. Nf3 Nc6 3. Bc4 Bc5 4. Nc3 d6 5. h3 Be6 6. Bb3 h6 7. d3 Nf6 8. Be3
Bb4 9. Bd2 Qe7 10. Ba4 a6 11. Bxc6+ bxc6 12. Na4 Rb8 13. Bxb4 Rxb4 14. b3 O-O
15. O-O Bd7 16. Re1 c5 17. a3 Rbb8 18. Nc3 c6 19. Nh2 Qe6 20. Nf3 Bc8 21. Ne2
d5 22. Ng3 Nd7 23. Nd2 Bb7 24. f3 Nf6 25. Re3 d4 26. Re1 Rfe8 27. Nc4 g6 28.
Qd2 Nd7 29. Qxh6 Nf6 30. Rf1 Nh5 31. Nxh5 gxh5 32. Qxh5 Kf8 33. f4 Ke7 34. Qxe5
Qxe5 35. Nxe5 f6 36. Nc4 Bc8 37. g4 Rf8 38. Kf2 Be6 39. Kg3 Bxc4 40. dxc4 Ke6
41. h4 Rh8 42. Rad1 Rhg8 43. Rfe1 Rbf8 44. g5 fxg5 45. hxg5 Rg7 46. Rh1 Rfg8
47. Rh6+ Kf7 48. Rxc6 Ke7 49. Rh1 Kf7 50. Rxc5 Rd8 51. Rc7+ Kf8 52. Rh8+ Rg8
53. Rxg8+ Kxg8 54. Kg4 d3 55. cxd3 Rxd3 56. Rb7 Rd4 57. Kf5 Rd6 58. e5 Rd8 59.
e6 a5 60. Ke5 Ra8 61. f5 a4 62. bxa4 Rxa4 63. e7 Ra5+ 64. Rb5 Ra8 65. g6 Kg7
66. Rb6 Re8 67. Ke6 Rc8 68. f6+ Kxg6 69. f7 Kg7 70. e8=Q Rxe8+ 71. fxe8=Q Kh6
72. Kf5+ Kg7 73. Qe7+ Kh8 74. Rb8# 1-0

[Event "CAN op"]
[Site "Hamilton CAN"]
[Date "2022.07.16"]
[Round "8.97"]
[White "Maheux, Pierre"]
[Black "Perez, Gilbert"]
[Result "0-1"]
[WhiteElo "1624"]
[BlackElo "1928"]
[PlyCount "64"]
[EventDate "2022.07.12"]
[EventType "swiss"]
[EventRounds "9"]
[EventCountry "CAN"]

1. e4 d6 2. d4 Nf6 3. Nc3 g6 4. Bd3 Bg7 5. Nge2 e5 6. d5 O-O 7. Bg5 h6 8. Bh4
Nbd7 9. h3 a6 10. g4 g5 11. Bg3 b5 12. Qd2 Nc5 13. Nd1 Ncxe4 14. Qe3 Nc5 15. c4
Nxd3+ 16. Qxd3 Bb7 17. Ne3 bxc4 18. Qxc4 a5 19. h4 Ba6 20. Qc2 Nh7 21. Nf5 Rb8
22. Nc3 e4 23. b3 Bd3 24. Qb2 Qf6 25. Rc1 Rb7 26. Qd2 Re8 27. Qe3 Nf8 28. f4
exf3 29. Qxe8 Bxf5 30. gxf5 Qxf5 31. Qe3 Rb4 32. O-O Bd4 0-1

[Event "CAN op"]
[Site "Hamilton CAN"]
[Date "2022.07.16"]
[Round "8.98"]
[White "Wood, Monika"]
[Black "Dickson, Kirk"]
[Result "0-1"]
[WhiteElo "1062"]
[BlackElo "1780"]
[PlyCount "54"]
[EventDate "2022.07.12"]
[EventType "swiss"]
[EventRounds "9"]
[EventCountry "CAN"]

1. d4 d5 2. Nf3 e6 3. Bf4 f5 4. e3 Nf6 5. a3 Bd6 6. Be5 O-O 7. Nc3 c6 8. Bd3
Qc7 9. O-O Nbd7 10. Bg3 Ne4 11. Bxd6 Qxd6 12. Bxe4 fxe4 13. Ng5 h6 14. Nh3 e5
15. Ne2 Nf6 16. f4 exf3 17. Rxf3 e4 18. Rg3 Nh5 19. Nef4 Nxg3 20. hxg3 g5 21.
Nh5 Bxh3 22. gxh3 Rf3 23. Kg2 Raf8 24. Qg1 Qg6 25. g4 Qf7 26. c3 Rf2+ 27. Kh1
Qf3+ 0-1

[Event "CAN op"]
[Site "Hamilton CAN"]
[Date "2022.07.16"]
[Round "8.99"]
[White "Gillis, Doug"]
[Black "Sun, Michael"]
[Result "1-0"]
[WhiteElo "1417"]
[BlackElo "1043"]
[PlyCount "41"]
[EventDate "2022.07.12"]
[EventType "swiss"]
[EventRounds "9"]
[EventCountry "CAN"]

1. b3 c6 2. Bb2 d5 3. Nf3 Bf5 4. g3 e6 5. Bg2 Nf6 6. O-O Bd6 7. d3 Qc7 8. Nbd2
Nbd7 9. c4 O-O-O 10. Rc1 Kb8 11. cxd5 exd5 12. Nd4 Be6 13. Nb5 Qb6 14. Nxd6 c5
15. Nxf7 Bxf7 16. Nf3 h6 17. Ne5 Nxe5 18. Bxe5+ Ka8 19. Qd2 Rhe8 20. Bc3 d4 21.
Ba5 1-0

[Event "CAN op"]
[Site "Hamilton CAN"]
[Date "2022.07.16"]
[Round "8.100"]
[White "Di Tommaso, Brittany"]
[Black "Brown, John R"]
[Result "0-1"]
[WhiteElo "925"]
[BlackElo "1409"]
[PlyCount "90"]
[EventDate "2022.07.12"]
[EventType "swiss"]
[EventRounds "9"]
[EventCountry "CAN"]

1. e4 e5 2. Nf3 Nc6 3. Bc4 Bc5 4. Ng5 Qxg5 5. d3 Qxg2 6. Kd2 Qxf2+ 7. Qe2 Be3+
8. Kd1 Qxe2+ 9. Kxe2 Bxc1 10. Rxc1 Nf6 11. Nc3 a6 12. a4 d6 13. Rg1 Nd4+ 14.
Kd1 Bg4+ 15. Kc1 O-O 16. h4 Be6 17. Ba2 Bxa2 18. Rxa2 c6 19. Rg2 d5 20. Kd2
dxe4 21. dxe4 Rad8 22. Kc1 Rd7 23. Ra3 Rfd8 24. Kb1 b5 25. Ne2 Nxe4 26. axb5
axb5 27. Ng3 Nxg3 28. Rgxg3 f5 29. c3 Ne2 30. Re3 Rd1+ 31. Kc2 Nc1 32. Kb1 Nb3+
33. Kc2 Na1+ 34. Rxa1 Rxa1 35. Rxe5 Rf1 36. Kb3 f4 37. Rg5 f3 38. h5 f2 39. h6
g6 40. Re5 Re1 41. Rc5 f1=Q 42. Rxc6 Qf7+ 43. Kb4 Re4+ 44. Kxb5 Qb3+ 45. Kc5
Rc4# 0-1

[Event "CAN op"]
[Site "Hamilton CAN"]
[Date "2022.07.16"]
[Round "8.101"]
[White "Fakoorziba, Payam"]
[Black "Mourgelas, James"]
[Result "1-0"]
[WhiteElo "1003"]
[BlackElo "1346"]
[PlyCount "53"]
[EventDate "2022.07.12"]
[EventType "swiss"]
[EventRounds "9"]
[EventCountry "CAN"]

1. e4 g6 2. d4 Bg7 3. Nc3 d6 4. f3 a6 5. Be3 b6 6. Qd2 Bb7 7. O-O-O Nd7 8. h4
h6 9. g4 e6 10. Nge2 Qe7 11. Ng3 O-O-O 12. Bd3 Qf8 13. Qe2 Nb8 14. h5 g5 15. a3
Ne7 16. Na2 Nec6 17. d5 exd5 18. exd5 Ne5 19. Bf5+ Ned7 20. Bxb6 c5 21. dxc6
Nxc6 22. Qc4 Be5 23. Nb4 Kb8 24. Nxc6+ Bxc6 25. Qxc6 Nxb6 26. Qxb6+ Ka8 27.
Be4+ 1-0

[Event "CAN op"]
[Site "Hamilton CAN"]
[Date "2022.07.16"]
[Round "8.102"]
[White "Higgins, Brian"]
[Black "Stajov, George"]
[Result "1-0"]
[WhiteElo "933"]
[BlackElo "1345"]
[PlyCount "107"]
[EventDate "2022.07.12"]
[EventType "swiss"]
[EventRounds "9"]
[EventCountry "CAN"]

1. e4 c5 2. Nf3 d6 3. d3 Nf6 4. Nbd2 Nc6 5. c3 e6 6. g3 Be7 7. Bg2 O-O 8. O-O
Rb8 9. a4 b6 10. Re1 e5 11. Nh4 Qc7 12. Nf5 Bxf5 13. exf5 d5 14. Qf3 e4 15.
dxe4 dxe4 16. Nxe4 Ne5 17. Nxf6+ Bxf6 18. Qe4 Rfe8 19. f4 Nf3+ 20. Qxf3 Rxe1+
21. Kf2 Rbe8 22. Bf1 R1e7 23. Bd2 c4 24. Rd1 Qc5+ 25. Kg2 Qxf5 26. Bxc4 Qe4 27.
Qxe4 Rxe4 28. Bb5 Rd8 29. Kf3 Re6 30. h4 h5 31. f5 Re5 32. Kf4 g6 33. fxg6 fxg6
34. Bc4+ Kg7 35. b4 Kf8 36. Kf3 Bg7 37. Kg2 Rf5 38. Bb3 Rd3 39. Bc2 Rxd2+ 40.
Rxd2 Rf6 41. Rd8+ Ke7 42. Ra8 a5 43. Ra7+ Kf8 44. bxa5 bxa5 45. Rxa5 Rd6 46.
Bb3 Bxc3 47. Ra8+ Kg7 48. a5 Bd2 49. a6 Be3 50. Kf3 Bb6 51. Rg8+ Kh7 52. Bc4
Rc6 53. Rb8 Ba7 54. Rb7+ 1-0

[Event "CAN op"]
[Site "Hamilton CAN"]
[Date "2022.07.16"]
[Round "8.104"]
[White "Bruneau, Gilles"]
[Black "Chua, Zachary"]
[Result "1-0"]
[WhiteElo "1290"]
[BlackElo "861"]
[PlyCount "65"]
[EventDate "2022.07.12"]
[EventType "swiss"]
[EventRounds "9"]
[EventCountry "CAN"]

1. d4 d5 2. c4 e6 3. Nf3 Nf6 4. e3 Be7 5. Nc3 O-O 6. Bd3 b6 7. cxd5 exd5 8. O-O
Bb7 9. a3 Nbd7 10. b3 c5 11. Bb2 Rc8 12. Rc1 Ne4 13. Bxe4 dxe4 14. Nd2 Nf6 15.
Ne2 Qd6 16. Nc4 Qb8 17. a4 Ng4 18. Nf4 Nf6 19. Ne2 Ng4 20. Ng3 Nf6 21. Nf5 Rc7
22. Nxe7+ Rxe7 23. dxc5 Rd8 24. Qe2 bxc5 25. Bxf6 gxf6 26. Qg4+ Kh8 27. Qf5 Re6
28. Qxc5 Rd5 29. Qb4 Rh5 30. g3 Rg5 31. Rcd1 Re8 32. Nd6 Reg8 33. Nxf7+ 1-0

[Event "CAN op"]
[Site "Hamilton CAN"]
[Date "2022.07.16"]
[Round "8.109"]
[White "Sun, Erik"]
[Black "Crooks, Israel"]
[Result "0-1"]
[WhiteElo "853"]
[BlackElo "1611"]
[PlyCount "68"]
[EventDate "2022.07.12"]
[EventType "swiss"]
[EventRounds "9"]
[EventCountry "CAN"]

1. d4 c5 2. dxc5 Nf6 3. Nc3 e6 4. e4 Nc6 5. Be3 Be7 6. Nf3 O-O 7. e5 Ng4 8. Nd4
Nxe3 9. fxe3 Nxe5 10. Qh5 Ng6 11. O-O-O Bg5 12. Re1 f6 13. h4 Bh6 14. Bd3 f5
15. g4 fxg4 16. Bxg6 hxg6 17. Qxg6 Rf6 18. Qxg4 Qf8 19. Qh3 d5 20. Nb3 e5 21.
Qg2 d4 22. Nd5 Rf7 23. Kb1 dxe3 24. Nxe3 Be6 25. Ng4 Bxg4 26. Qxg4 Re8 27. Rhg1
a5 28. Qh5 Kh8 29. Nxa5 e4 30. Qg4 e3 31. Qg2 Rf2 32. Qh1 Qxc5 33. Nxb7 Qxc2+
34. Ka1 Qxb2# 0-1

[Event "CAN op"]
[Site "Hamilton CAN"]
[Date "2022.07.17"]
[Round "9.1"]
[White "Jaferian, Koosha"]
[Black "Hambleton, Aman"]
[Result "1/2-1/2"]
[WhiteElo "2336"]
[BlackElo "2549"]
[PlyCount "49"]
[EventDate "2022.07.12"]
[EventType "swiss"]
[EventRounds "9"]
[EventCountry "CAN"]

1. e4 c5 2. Nc3 e6 3. f4 d5 4. Nf3 a6 5. d3 Nc6 6. g3 Nf6 7. Bg2 b5 8. Ne5 Bb7
9. Nxc6 Bxc6 10. Qe2 Be7 11. e5 Nd7 12. O-O Qc7 13. Bd2 b4 14. Nd1 g6 15. a4 a5
16. b3 Rc8 17. Ne3 Nb6 18. Rae1 d4 19. Bxc6+ Qxc6 20. Nc4 Nxc4 21. dxc4 h5 22.
h4 Rd8 23. Rf3 Rc8 24. Qe4 Qxe4 25. Rxe4 1/2-1/2

[Event "CAN op"]
[Site "Hamilton CAN"]
[Date "2022.07.17"]
[Round "9.2"]
[White "Chiku-Ratte, Olivier-Kenta"]
[Black "Noritsyn, Nikolay"]
[Result "1/2-1/2"]
[WhiteElo "2458"]
[BlackElo "2557"]
[PlyCount "131"]
[EventDate "2022.07.12"]
[EventType "swiss"]
[EventRounds "9"]
[EventCountry "CAN"]

1. d4 d5 2. c4 e6 3. Nc3 a6 4. cxd5 exd5 5. Bf4 Nf6 6. e3 c5 7. dxc5 Bxc5 8.
Bd3 Nc6 9. Nge2 O-O 10. O-O Be6 11. Rc1 d4 12. Ne4 Be7 13. exd4 Nxd4 14. N2c3
Qa5 15. Bg5 Rad8 16. Nxf6+ Bxf6 17. Bxf6 gxf6 18. Ne4 Kg7 19. Nc5 Rd5 20. Nxe6+
fxe6 21. Qg4+ Kh8 22. Qh3 Rh5 23. Qe3 Rd8 24. Qf4 Qg5 25. Qxg5 Nf3+ 26. gxf3
Rxg5+ 27. Kh1 Rxd3 28. Rc8+ Rg8 29. Rc7 Rxf3 30. Rxb7 e5 31. Rb3 Rxb3 32. axb3
Rb8 33. Ra1 Rb6 34. Kg2 Kg7 35. b4 Rxb4 36. Rxa6 Rxb2 37. Ra8 f5 38. Ra6 h5 39.
Re6 e4 40. Kg3 h4+ 41. Kg2 h3+ 42. Kxh3 Rxf2 43. Kg3 Rf3+ 44. Kg2 Rf4 45. h3
Rh4 46. Kg3 Rh6 47. Re8 Kf6 48. Ra8 Rh7 49. Ra6+ Kg5 50. Ra5 Rh6 51. Rb5 Re6
52. h4+ Kg6 53. Kf4 e3 54. h5+ Kf6 55. Rb1 Re4+ 56. Kf3 Kg5 57. h6 Kxh6 58. Re1
Kg5 59. Rg1+ Kh5 60. Rh1+ Rh4 61. Rg1 f4 62. Rg8 Kh6 63. Rg1 Kh7 64. Rg2 Kh6
65. Rg8 Kh5 66. Rg1 1/2-1/2

[Event "CAN op"]
[Site "Hamilton CAN"]
[Date "2022.07.17"]
[Round "9.3"]
[White "Sambuev, Bator"]
[Black "Rodrigue-Lemieux, Shawn"]
[Result "1/2-1/2"]
[WhiteElo "2568"]
[BlackElo "2493"]
[PlyCount "169"]
[EventDate "2022.07.12"]
[EventType "swiss"]
[EventRounds "9"]
[EventCountry "CAN"]

1. Nf3 d5 2. e3 Nf6 3. b3 g6 4. Bb2 Bg7 5. c4 c6 6. Be2 O-O 7. O-O Bg4 8. h3
Bxf3 9. Bxf3 Re8 10. d4 Nbd7 11. Nc3 Nb6 12. cxd5 Nfxd5 13. Ne4 e5 14. dxe5
Bxe5 15. Bxe5 Rxe5 16. Qd4 Qe7 17. Rac1 Nf6 18. Nxf6+ Qxf6 19. Rfd1 Rae8 20. a4
Qe7 21. Ra1 Nc8 22. Bg4 Rd5 23. Qc3 Rxd1+ 24. Rxd1 Rd8 25. Rd4 Qf6 26. Qa5 Rxd4
27. exd4 b6 28. Qa6 Nd6 29. Qxa7 Qxd4 30. Qa8+ Kg7 31. Qxc6 Ne4 32. Qc2 h5 33.
Bf3 Nd2 34. Be2 Qa1+ 35. Bd1 Qd4 36. h4 Ne4 37. Bf3 Nd2 38. Be2 Qa1+ 39. Bd1
Ne4 40. Qd3 Kh7 41. Kf1 Qc1 42. g3 Nc3 43. Ke1 Kg8 44. Qd8+ Kh7 45. Qd2 Qa1 46.
Qc2 Kg8 47. f3 Kh7 48. Kd2 Nxd1 49. Qxd1 Qe5 50. f4 Qd5+ 51. Kc1 Qc5+ 52. Kb1
Qe3 53. Qd5 Qe1+ 54. Kb2 Kh6 55. Qd3 Kh7 56. Qc3 Qe2+ 57. Ka3 Qe7+ 58. b4 f6
59. Qd3 Kh6 60. Qd4 Qe1 61. Qxf6 Qxg3+ 62. Kb2 Qf2+ 63. Kb3 Kh7 64. Qe7+ Kg8
65. Kc4 Qxf4+ 66. Kb5 g5 67. hxg5 h4 68. g6 Qf5+ 69. Ka6 Qxg6 70. Qxh4 b5+ 71.
Kxb5 Qe8+ 72. Kc5 Qc8+ 73. Kd5 Qd7+ 74. Kc5 Qc7+ 75. Kd4 Qd7+ 76. Kc3 Qxa4 77.
Qc4+ Kf8 78. b5 Qa3+ 79. Kd4 Qd6+ 80. Ke4 Ke7 81. Qa4 Kd8 82. Qa8+ Kc7 83. Qa7+
Kc8 84. Qa8+ Kc7 85. Qa7+ 1/2-1/2

[Event "CAN op"]
[Site "Hamilton CAN"]
[Date "2022.07.17"]
[Round "9.4"]
[White "Banerjee, Bitan"]
[Black "Mikhalevski, Victor"]
[Result "0-1"]
[WhiteElo "2502"]
[BlackElo "2629"]
[PlyCount "68"]
[EventDate "2022.07.12"]
[EventType "swiss"]
[EventRounds "9"]
[EventCountry "CAN"]

1. d4 d5 2. c4 e6 3. Nc3 c5 4. cxd5 cxd4 5. Qxd4 Nc6 6. Qd1 exd5 7. e3 Nf6 8.
Nge2 Bc5 9. Nd4 O-O 10. Be2 Bxd4 11. exd4 Qb6 12. O-O Qxd4 13. Bf3 Be6 14. Be3
Qb4 15. Bg5 Qxb2 16. Bxf6 gxf6 17. Rc1 Rad8 18. Bh5 Qb4 19. Na4 Ne5 20. f4 Nc4
21. Qd4 Bf5 22. Qxf6 Bg6 23. f5 Bxh5 24. Qg5+ Bg6 25. fxg6 fxg6 26. Nc3 Nb6 27.
h4 Rxf1+ 28. Rxf1 Re8 29. Nd1 Qd4+ 30. Nf2 Rf8 31. Qe7 Nc4 32. Kh2 Rf7 33. Qe8+
Kg7 34. h5 Rxf2 0-1

[Event "CAN op"]
[Site "Hamilton CAN"]
[Date "2022.07.17"]
[Round "9.5"]
[White "Paragua, Mark"]
[Black "Hua, Eugene"]
[Result "1/2-1/2"]
[WhiteElo "2610"]
[BlackElo "2392"]
[PlyCount "82"]
[EventDate "2022.07.12"]
[EventType "swiss"]
[EventRounds "9"]
[EventCountry "CAN"]

1. e4 c5 2. Nf3 e6 3. d4 cxd4 4. Nxd4 Nc6 5. Nc3 Qc7 6. Be3 a6 7. a3 Nf6 8. f4
d6 9. Qf3 Be7 10. O-O-O O-O 11. Nxc6 bxc6 12. g4 d5 13. g5 Nxe4 14. Nxe4 dxe4
15. Qxe4 Bb7 16. Bg2 Rfd8 17. Qe5 Bd6 18. Qe4 Rab8 19. Qc4 c5 20. Bxb7 Qxb7 21.
b3 Qb5 22. Qxb5 axb5 23. Rd2 c4 24. b4 c3 25. Rd3 Ra8 26. Kd1 e5 27. Ke2 exf4
28. Rhd1 Re8 29. Rxd6 Rxe3+ 30. Kf2 Ree8 31. Rc6 Rxa3 32. Rd5 h5 33. gxh6 gxh6
34. Rxb5 Rd8 35. Rf5 Rd2+ 36. Kf3 Rxc2 37. Rc8+ Kg7 38. Rc7 Rxh2 39. Rcxf7+ Kg6
40. R7f6+ Kg7 41. Rf7+ Kg6 1/2-1/2

[Event "CAN op"]
[Site "Hamilton CAN"]
[Date "2022.07.17"]
[Round "9.6"]
[White "Dukic, Zachary"]
[Black "Sheng, Joshua"]
[Result "1-0"]
[WhiteElo "2353"]
[BlackElo "2558"]
[PlyCount "109"]
[EventDate "2022.07.12"]
[EventType "swiss"]
[EventRounds "9"]
[EventCountry "CAN"]

1. e4 c5 2. Nf3 d6 3. Bb5+ Nd7 4. c4 Ngf6 5. Nc3 g6 6. d3 Bg7 7. h3 O-O 8. Ba4
Nb8 9. Be3 Nc6 10. d4 cxd4 11. Nxd4 Nxd4 12. Bxd4 Be6 13. b3 Qa5 14. O-O Bxc4
15. bxc4 e5 16. Nb5 exd4 17. Re1 Ne8 18. Bb3 Qb6 19. Qd2 a6 20. Na3 Nc7 21.
Rab1 Qc5 22. Nc2 Ne6 23. Nb4 Qa5 24. Red1 Qd8 25. Nd5 Nc5 26. Bc2 Re8 27. Re1
Rc8 28. g3 Rb8 29. Rb6 Re5 30. Reb1 Qd7 31. Kg2 Rbe8 32. h4 Qc8 33. Rxd6 Rxe4
34. Bxe4 Nxe4 35. Qf4 Nxd6 36. Qxd6 Qxc4 37. Rxb7 d3 38. Rd7 Qe4+ 39. Kh2 Qe2
40. Ne7+ Kh8 41. Kg2 Qe4+ 42. Kh2 Qf3 43. Kg1 Ba1 44. Rd8 Rxd8 45. Qxd8+ Kg7
46. Qg8+ Kh6 47. Qf8+ Kh5 48. Qd8 Kg4 49. Nd5 Qe4 50. Ne3+ Kf3 51. Nf1 Ke2 52.
Qa5 Qd4 53. Qd2+ Kf3 54. Qd1+ Ke4 55. Nd2+ 1-0

[Event "CAN op"]
[Site "Hamilton CAN"]
[Date "2022.07.17"]
[Round "9.7"]
[White "Samsonkin, Artiom"]
[Black "Perez Rodriguez, Luis Manuel"]
[Result "1/2-1/2"]
[WhiteElo "2539"]
[BlackElo "2328"]
[PlyCount "58"]
[EventDate "2022.07.12"]
[EventType "swiss"]
[EventRounds "9"]
[EventCountry "CAN"]

1. e4 e5 2. Nf3 Nc6 3. Bc4 Nf6 4. d4 exd4 5. e5 d5 6. Bb5 Ne4 7. Nxd4 Bc5 8.
Be3 O-O 9. Nxc6 bxc6 10. Bxc5 Nxc5 11. Bxc6 Rb8 12. Qxd5 Qe7 13. O-O Rxb2 14.
Nc3 Rd8 15. Qf3 Ne6 16. Rfd1 Nd4 17. Qe4 Nxc6 18. Qxc6 Bb7 19. Qa4 Rxd1+ 20.
Nxd1 Rb6 21. Qxa7 f5 22. Ne3 Qxe5 23. Qb8+ Kf7 24. Rd1 Bxg2 25. Nc4 Rxb8 26.
Nxe5+ Ke6 27. Kxg2 Kxe5 28. Rd7 Kf6 29. Rxc7 Ra8 1/2-1/2